Leiden journal of international law
| Corporate Author: | |
|---|---|
| Format: | Electronic Journal |
| Language: | English |
| Published: |
Leiden, the Netherlands :
Leiden Journal of International Law Foundation
[The Hague] : Kluwer Law International Cambridge, England : Cambridge University Press |
| Subjects: | |
| Online Access: | Full text available from Research Library: 03/01/2001 to 1 year ago |
MARC
| LEADER | 00000nas a2200000 a 4500 | ||
|---|---|---|---|
| 001 | ssj0009808 | ||
| 003 | WaSeSS | ||
| 005 | 20200512172242.0 | ||
| 006 | m d | ||
| 007 | cr n | ||
| 008 | 000629c19889999enkqr pss 0 0eng c | ||
| 010 | |a 2004252700 | ||
| 015 | |a GBB407248 |2 bnb | ||
| 016 | 7 | |a 2017891-8 |2 DE-600 | |
| 022 | |a 1478-9698 |l 0922-1565 |y 0922-1565 | ||
| 030 | |a LJILFQ | ||
| 035 | |a (WaSeSS)ssj0009808 | ||
| 040 | |a F#A |b eng |c F#A |d OCLCQ |d WAU |d MYG |d OCLCQ |d BUF |d AU@ |d TXJ |d QE2 |d YUS |d OCLCQ |d COO |d EUW |d OCLCF |d OCLCQ |d UKBOL |d OCLCQ |d U3W |d UUM |d YOR |d AUD |d WaSeSS | ||
| 042 | |a pcc | ||
| 050 | 1 | 4 | |a K12 |
| 082 | 0 | 4 | |a 341 |
| 130 | 0 | |a Leiden journal of international law (Online) | |
| 222 | 0 | |a Leiden journal of international law |b (Online) | |
| 245 | 1 | 0 | |a Leiden journal of international law |h [electronic resource]. |
| 246 | 1 | 7 | |a LJIL |
| 260 | |3 1988-1995 : |a Leiden, the Netherlands : |b Leiden Journal of International Law Foundation | ||
| 260 | 2 | |3 1996-2002 : |a [The Hague] : |b Kluwer Law International | |
| 260 | 3 | |3 2003- : |a Cambridge, England : |b Cambridge University Press | |
| 310 | |a Quarterly, |b 1999- | ||
| 321 | |a Semiannual, |b 1988-1996 | ||
| 321 | |a 3 issues a year, |b 1997-1998 | ||
| 362 | 1 | |a Print began with vol. 1, no. 1 (May 1988). | |
| 506 | |a License restrictions may limit access. | ||
| 515 | |a Volume for 1990 includes special issue, designated no. 3. | ||
| 538 | |a Mode of access: World Wide Web. | ||
| 588 | |a Description based on: Vol. 9, issue 01 (Mar. 1996); title from contents screen (viewed Sept. 2, 2004). | ||
| 588 | |a Latest issue consulted: Vol. 24, no. 1 (Mar. 2011) (Cambridge Journals, viewed Apr. 1, 2011). | ||
| 650 | 0 | |a International law |v Periodicals. | |
| 650 | 7 | |a International law. |2 fast |0 (OCoLC)fst00976984 | |
| 653 | |a Law | ||
| 655 | 0 | |a Electronic journals. | |
| 710 | 2 | |a Leiden Journal of International Law Foundation. | |
| 776 | 0 | 8 | |i Print version: |t Leiden journal of international law |x 0922-1565 |w (DLC) 89642283 |w (OCoLC)18978561 |
| 856 | 4 | 0 | |z Full text available from Research Library: 03/01/2001 to 1 year ago |u https://search.proquest.com/publication/29064 |